[Event "26. Off. Wuerttembergische Seniorenmst."]
[Site "Freudenstadt"]
[Date "2014.07.22"]
[Round "7.24"]
[White "Zschorsch, Peter"]
[Black "Klein, Peter"]
[Result "1-0"]
[WhiteElo "1762"]
[BlackElo "1569"]
[PlyCount "47"]
[EventDate "2014.??.??"]
[WhiteTeam "Karlsruher SF 1853"]
[BlackTeam "SK Horb"]

1. e4 e5 2. Nf3 Nc6 3. Bc4 Bc5 4. O-O Nf6 5. d3 O-O 6. c3 a6 7. a4 h6 8. b4 Bd6
9. h3 b6 10. Na3 Ne7 11. Nc2 Ng6 12. Ne3 a5 13. Nf5 Be7 14. Qb3 d6 15. g3 Ba6
16. Bxa6 Rxa6 17. Kh2 axb4 18. cxb4 Qd7 19. b5 Raa8 20. N3h4 Nxh4 21. Nxh4 Kh7
22. Nf5 Qe6 23. Qxe6 fxe6 24. Nxe7 1-0

[Event "26. Off. Wuerttembergische Seniorenmst."]
[Site "Freudenstadt"]
[Date "2014.07.22"]
[Round "7.25"]
[White "Grasmeyer, Klaus-Peter"]
[Black "Just, Gabriele"]
[Result "1/2-1/2"]
[WhiteElo "1623"]
[BlackElo "1761"]
[Annotator "KÃ¶nig,Dirk"]
[PlyCount "103"]
[EventDate "2014.??.??"]
[WhiteTeam "SC Villingen"]
[BlackTeam "SG Leipzig"]

1. d4 e6 2. c4 f5 3. Nc3 Nf6 4. g3 Bb4 5. Qb3 a5 6. a3 Bxc3+ 7. Qxc3 d6 8. Bg2
O-O 9. Nf3 Qe8 10. O-O Ne4 11. Qc2 Nd7 12. Ng5 Nxg5 13. Bxg5 e5 14. dxe5 dxe5 (
14... Nxe5) 15. Bd2 Kh8 16. b4 axb4 17. axb4 Rxa1 18. Rxa1 f4 19. Bc3 Qh5 20.
Ra8 fxg3 21. hxg3 c6 22. Qd3 Qf7 23. Bf3 Nb6 24. Ra5 Nxc4 25. Rc5 Be6 26. b5
Bd5 27. bxc6 bxc6 28. Rxd5 cxd5 29. Qxd5 Qxd5 30. Bxd5 Rc8 31. Bxc4 Rxc4 32.
Bxe5 Re4 33. Bf4 Rxe2 34. Be3 Kg8 35. Kg2 Kf7 36. Kf3 Re1 37. Kg4 Ke6 38. Kf4
Rd1 39. Ke4 g6 40. Kf4 Rd5 41. Kg4 Rb5 42. Kf4 h5 43. Ke4 g5 44. Kf3 Rf5+ (
44... Kf5) 45. Kg2 g4 46. Ba7 Kd5 47. Bb6 Ke4 48. Ba7 Kd3 49. Bb6 Ke2 50. Ba7
Rf3 51. Bb6 Rb3 52. Ba7 1/2-1/2

[Event "26. Off. Wuerttembergische Seniorenmst."]
[Site "Freudenstadt"]
[Date "2014.07.22"]
[Round "7.26"]
[White "Stuiber, Wilhelm"]
[Black "Foehl, Frithjof"]
[Result "0-1"]
[WhiteElo "1751"]
[BlackElo "1666"]
[Annotator "KÃ¶nig,Dirk"]
[PlyCount "66"]
[EventDate "2014.??.??"]
[WhiteTeam "SK Turm Euskirchen 65"]
[BlackTeam "SV Oberkochen"]

1. e3 e5 2. c4 Nf6 3. b3 Nc6 4. Bb2 Be7 5. d3 d5 6. Nc3 O-O 7. cxd5 Nxd5 8. Nf3
Bb4 9. Rc1 Re8 10. a3 Nxc3 11. Bxc3 Bxa3 12. Rc2 Bg4 13. Be2 Bd6 14. O-O Qf6
15. Qa1 Qh6 16. g3 Qh5 17. Qd1 Qf5 18. Nh4 Bxe2 19. Qxe2 Qd7 20. Rd1 Qe6 21.
Rb2 Ne7 (21... Re7) 22. e4 Nc6 (22... f6) 23. Nf3 Qe7 (23... Qd7) 24. Bd2 a5
25. Ra1 Bb4 26. Nh4 Nd4 27. Qg4 Bxd2 28. Rxd2 Nxb3 29. Nf5 Qf6 30. Rad1 Nxd2
31. Rxd2 b5 32. f4 exf4 33. gxf4 Qg6 0-1

[Event "26. Off. Wuerttembergische Seniorenmst."]
[Site "Freudenstadt"]
[Date "2014.07.22"]
[Round "7.27"]
[White "Goldinger, Josef"]
[Black "Blutharsch, Walter"]
[Result "0-1"]
[WhiteElo "1590"]
[BlackElo "1726"]
[PlyCount "68"]
[EventDate "2014.??.??"]
[WhiteTeam "SV Rottweil"]
[BlackTeam "VfL Sindelfingen"]

1. e4 e5 2. Nf3 Nc6 3. d4 exd4 4. Nxd4 Nf6 5. Nxc6 bxc6 6. Bd3 Bb7 7. O-O Be7
8. Nc3 O-O 9. e5 Nd5 10. Nxd5 cxd5 11. f4 c5 12. c3 d6 13. Bc2 Qc7 14. e6 Bf6
15. exf7+ Rxf7 16. Bd2 d4 17. Qg4 c4 18. Bd1 Qb6 19. Kh1 Qxb2 20. Bf3 Qxd2 21.
Bxb7 Rxb7 22. Qh5 Kh8 23. Qd5 Rab8 24. Rae1 Qb2 25. h3 Qb5 26. Qxd6 Rd8 27. Qa3
Qd5 28. cxd4 h6 29. Rd1 Rdb8 30. Qg3 Rb2 31. Qg6 c3 32. Rc1 Bxd4 33. f5 Qa8 34.
Kh2 Rf8 0-1

[Event "26. Off. Wuerttembergische Seniorenmst."]
[Site "Freudenstadt"]
[Date "2014.07.22"]
[Round "7.28"]
[White "Engbrecht, Helmut"]
[Black "Schuetze, Manfred"]
[Result "1-0"]
[WhiteElo "1913"]
[BlackElo "1615"]
[PlyCount "41"]
[EventDate "2014.??.??"]
[WhiteTeam "SV Schorndorf"]
[BlackTeam "SV Blau-Rot Pratau"]

1. e4 e5 2. Nc3 Nf6 3. f4 d5 4. fxe5 Nxe4 5. Nf3 Bc5 6. d4 Bb4 7. Bd2 Bxc3 8.
bxc3 Nxd2 9. Qxd2 Qe7 10. c4 Be6 11. cxd5 Bxd5 12. Be2 O-O 13. O-O Nd7 14. c4
Be4 15. Qf4 Bg6 16. Nh4 f6 17. Nxg6 hxg6 18. c5 fxe5 19. Bc4+ Kh8 20. Qg4 Nf6
21. Qh4+ 1-0

[Event "26. Off. Wuerttembergische Seniorenmst."]
[Site "Freudenstadt"]
[Date "2014.07.22"]
[Round "7.29"]
[White "Micheel, Peter"]
[Black "Buss, Richard"]
[Result "1-0"]
[WhiteElo "1741"]
[BlackElo "1390"]
[PlyCount "79"]
[EventDate "2014.??.??"]
[WhiteTeam "SSC Graal-MÃ¼ritz"]
[BlackTeam "VfR Heisfelde e.V."]

1. e4 e5 2. Nf3 Nc6 3. Bb5 Bc5 4. O-O d6 5. c3 a6 6. Bxc6+ bxc6 7. d4 exd4 8.
cxd4 Bb6 9. h3 h6 10. Nc3 Nf6 11. Qc2 O-O 12. Be3 Be6 13. Na4 Bd7 14. Rad1 Ba7
15. Nc3 Re8 16. Rfe1 Qc8 17. Kh2 Qb7 18. e5 Nd5 19. Nxd5 cxd5 20. exd6 cxd6 21.
Qd2 Re6 22. Rc1 Rae8 23. Rc2 Qb5 24. Rec1 Bb6 25. a3 a5 26. Ne1 Qa6 27. b3 Re4
28. Rc3 R4e6 29. a4 Rc8 30. Nd3 Rxc3 31. Rxc3 Kh7 32. Nf4 Re8 33. Nxd5 Qb7 34.
Nxb6 Qxb6 35. d5 Qb7 36. Qc2+ g6 37. Rc7 Qxd5 38. Rxd7 Qe6 39. Qc7 Rf8 40. Qxd6
1-0

[Event "26. Off. Wuerttembergische Seniorenmst."]
[Site "Freudenstadt"]
[Date "2014.07.22"]
[Round "7.30"]
[White "Mueller, Herbert"]
[Black "Scharhag, Wilhelm"]
[Result "1/2-1/2"]
[WhiteElo "1583"]
[BlackElo "1679"]
[PlyCount "43"]
[EventDate "2014.??.??"]
[WhiteTeam "SK Horb"]
[BlackTeam "SK Bad Krozingen"]

1. d4 d5 2. Nf3 Nf6 3. e3 e6 4. Be2 c5 5. c3 Nc6 6. O-O Bd6 7. b3 O-O 8. Nbd2
b6 9. Re1 Bb7 10. Bd3 cxd4 11. cxd4 Nb4 12. Bb1 Rc8 13. a3 Na6 14. Bb2 Nb8 15.
Bd3 Nbd7 16. Qe2 Qc7 17. Rac1 Qb8 18. Nf1 h6 19. b4 Rxc1 20. Rxc1 Rc8 21. Rxc8+
Qxc8 22. Qc2 1/2-1/2

[Event "26. Off. Wuerttembergische Seniorenmst."]
[Site "Freudenstadt"]
[Date "2014.07.22"]
[Round "7.31"]
[White "Fiedler, Joachim"]
[Black "Jaeger, Hans-Ulrich"]
[Result "0-1"]
[WhiteElo "1467"]
[BlackElo "1749"]
[PlyCount "104"]
[EventDate "2014.??.??"]
[WhiteTeam "USV TU Dresden"]
[BlackTeam "SC Sillenbuch"]

1. g3 c5 2. e3 Nc6 3. Bg2 Nf6 4. Nc3 d5 5. d4 cxd4 6. exd4 Bf5 7. a3 e6 8. Nge2
a6 9. O-O h6 10. Re1 Be7 11. f3 O-O 12. Kh1 e5 13. dxe5 Nd7 14. Nxd5 Ndxe5 15.
Nxe7+ Qxe7 16. Ng1 Rad8 17. Qe2 Qf6 18. Bf4 Ng6 19. Qc4 Nd4 20. Rad1 Nxf4 21.
gxf4 b5 22. Qc3 Be6 23. Re5 Nf5 24. Rxd8 Rxd8 25. Qe1 Nh4 26. Bh3 Nxf3 27. Nxf3
Bxh3 28. Re8+ Rxe8 29. Qxe8+ Kh7 30. Qe4+ Bf5 31. Qe5 Qg6 32. Nd2 Bxc2 33. Qe3
Qd3 34. Qxd3+ Bxd3 35. Kg1 Kg6 36. Kf2 Kf5 37. Ke3 Bc2 38. Nf3 Bd1 39. Ne5 Bb3
40. Nc6 Bc4 41. Nd4+ Kg4 42. h3+ Kxh3 43. Nf5 g5 44. fxg5 hxg5 45. Kf2 Be6 46.
Ng3 Bc4 47. Nf5 Kh2 48. Ng3 Bd3 49. Nh5 g4 50. b3 a5 51. Ke3 Bg6 52. Ng3 Kxg3
0-1

[Event "26. Off. Wuerttembergische Seniorenmst."]
[Site "Freudenstadt"]
[Date "2014.07.22"]
[Round "7.32"]
[White "Scholtyssek, Werner"]
[Black "Sukatsch, Manfred"]
[Result "0-1"]
[WhiteElo "1526"]
[BlackElo "1765"]
[PlyCount "132"]
[EventDate "2014.??.??"]
[WhiteTeam "SK Blankenloch 1947 e.V."]
[BlackTeam "SC BÃ¶blingen 1975 e.V."]

1. e4 c5 2. Nf3 d6 3. Bc4 Nf6 4. d3 g6 5. Qe2 e6 6. Bg5 Be7 7. Nc3 h6 8. Bd2 a6
9. a3 Nc6 10. O-O b5 11. Bb3 Bb7 12. Rad1 Rc8 13. Be3 Na5 14. e5 Ng4 15. d4
Nxe3 16. Qxe3 cxd4 17. Nxd4 d5 18. Nce2 Bc5 19. Ba2 Ba7 20. c3 Qc7 21. f4 Nc6
22. Kh1 Ne7 23. Qg3 Kd7 24. Qh3 Rcg8 25. Qf3 Ke8 26. Bb1 Rg7 27. g3 Rhg8 28.
Qe3 Qd8 29. g4 Nc6 30. h3 Na5 31. Bd3 Nc4 32. Bxc4 dxc4+ 33. Kh2 Bd5 34. Qg3
Qe7 35. h4 Bb8 36. Qe3 Qxh4+ 37. Qh3 Qe7 38. Ng3 Qf8 39. Rf2 f6 40. Rfd2 Bc7
41. exf6 Qxf6 42. Rf1 Bxf4 43. Nde2 g5 44. Nxf4 gxf4 45. Nh5 Qg5 46. Nxg7+ Rxg7
47. Qh5+ Qxh5+ 48. gxh5 f3 49. Kh3 Rg5 50. Kh4 Ke7 51. Rff2 Kf6 52. Rd4 Kf5 53.
Rxd5+ exd5 54. Rxf3+ Ke6 55. Rf2 a5 56. Re2+ Re5 57. Rd2 Re4+ 58. Kg3 b4 59.
Rc2 bxa3 60. bxa3 Ke5 61. Kf3 Rh4 62. Re2+ Kd6 63. Rg2 Rxh5 64. Ke2 Re5+ 65.
Kd2 Kc5 66. a4 Rg5 0-1

[Event "26. Off. Wuerttembergische Seniorenmst."]
[Site "Freudenstadt"]
[Date "2014.07.22"]
[Round "7.33"]
[White "Schuler, Georg"]
[Black "Riegler, Markus"]
[Result "1-0"]
[WhiteElo "1670"]
[BlackElo "1596"]
[PlyCount "61"]
[EventDate "2014.??.??"]
[WhiteTeam "SV Balingen"]
[BlackTeam "SK Mannheim-Lindenhof 1865"]

1. c4 e6 2. Nc3 f5 3. g3 Nf6 4. Bg2 c5 5. e3 Be7 6. Nge2 O-O 7. d4 cxd4 8. exd4
Qc7 9. b3 a6 10. O-O d6 11. Bb2 Bd7 12. Rc1 Nc6 13. f4 Rab8 14. d5 Nd8 15. Qd2
e5 16. Ba3 e4 17. Kh1 b6 18. Nd4 Ne8 19. Nd1 Bf6 20. Ne3 Bxd4 21. Qxd4 a5 22.
Bb2 Qc5 23. Qd2 Nb7 24. Bd4 Qc7 25. g4 g6 26. gxf5 Bxf5 27. Nxf5 gxf5 28. Bh3
h6 29. Rg1+ Kh7 30. Qg2 Ng7 31. Qxg7+ 1-0

[Event "26. Off. Wuerttembergische Seniorenmst."]
[Site "Freudenstadt"]
[Date "2014.07.22"]
[Round "7.34"]
[White "Payen, Gerard"]
[Black "Flockerzi, Armin"]
[Result "0-1"]
[WhiteElo "1665"]
[BlackElo "1567"]
[PlyCount "80"]
[EventDate "2014.??.??"]
[WhiteTeam "Paris"]
[BlackTeam "VfR-SC Koblenz"]

1. e4 d6 2. d4 g6 3. Nc3 Nf6 4. f4 e6 5. Nf3 Bg7 6. Be2 b6 7. e5 dxe5 8. dxe5
Qxd1+ 9. Bxd1 Nd5 10. Nxd5 exd5 11. O-O c5 12. c3 a6 13. Be3 Nd7 14. Be2 Ke7
15. Rad1 Bb7 16. Ng5 Rad8 17. Bf3 f6 18. e6 fxg5 19. exd7 Rxd7 20. fxg5 Kd8 21.
Bc1 Rf8 22. Bg4 Rxf1+ 23. Kxf1 Rf7+ 24. Kg1 Re7 25. Bf3 d4 26. Bxb7 Rxb7 27.
cxd4 cxd4 28. b3 Ke7 29. Kf1 Ke6 30. Ke2 Kd5 31. Kd3 Rf7 32. Bd2 Rf2 33. Rg1
Be5 34. g3 Rxh2 35. Bf4 Rxa2 36. Bxe5 Kxe5 37. Rf1 Rb2 38. g4 Rxb3+ 39. Kc4 Rb5
40. Re1+ Kf4 0-1

[Event "26. Off. Wuerttembergische Seniorenmst."]
[Site "Freudenstadt"]
[Date "2014.07.22"]
[Round "7.35"]
[White "Janzen, Christian"]
[Black "Bartlitz, Heinz"]
[Result "0-1"]
[WhiteElo "1505"]
[BlackElo "1464"]
[PlyCount "100"]
[EventDate "2014.??.??"]
[WhiteTeam "TSV Marienfelde 1890 e.V."]
[BlackTeam "Bramfelder SK 1947 e.V."]

1. e4 d6 2. d4 Nf6 3. Bd3 c6 4. Ne2 Bg4 5. O-O Nbd7 6. f3 Bh5 7. c3 e5 8. Nd2
b5 9. a4 a6 10. b3 Be7 11. Bb2 O-O 12. c4 b4 13. Ng3 Bg6 14. f4 exf4 15. Rxf4
a5 16. Qc2 h6 17. Nf5 Nh5 18. Nxe7+ Qxe7 19. Rf2 Ndf6 20. e5 Bxd3 21. Qxd3 dxe5
22. dxe5 Nh7 23. Ne4 Qh4 24. Qf3 f5 25. exf6 N7xf6 26. Nxf6+ Nxf6 27. Qxc6 Ng4
28. Rxf8+ Rxf8 29. Qd5+ Kh8 30. Bxg7+ Kxg7 31. Qd4+ Rf6 32. h3 Qf2+ 33. Qxf2
Nxf2 34. Re1 Rf5 35. Re7+ Kf6 36. Rb7 Ne4 37. Rb6+ Kg5 38. g4 Re5 39. Kg2 Nd2
40. Kg3 Ne4+ 41. Kf3 Nd2+ 42. Kg3 Ne4+ 43. Kf3 h5 44. gxh5 Nd2+ 45. Kf2 Kxh5
46. Rb5 Rg5 47. Ke3 Nxb3 48. Kd3 Kh4 49. Rb8 Nc5+ 50. Kc2 Nxa4 0-1

[Event "26. Off. Wuerttembergische Seniorenmst."]
[Site "Freudenstadt"]
[Date "2014.07.22"]
[Round "7.36"]
[White "Kunze, Manfred"]
[Black "Pottgiesser, Ulrich"]
[Result "1/2-1/2"]
[WhiteElo "1450"]
[BlackElo "1553"]
[PlyCount "90"]
[EventDate "2014.??.??"]
[WhiteTeam "SV Motor Hainichen 1949"]
[BlackTeam "SC Leinfelden"]

1. c4 Nf6 2. Nf3 d5 3. cxd5 Nxd5 4. g3 c6 5. Bg2 e6 6. a3 Be7 7. O-O O-O 8. d3
Nd7 9. Bd2 b6 10. Nc3 Nxc3 11. Bxc3 Bf6 12. d4 Re8 13. Qc2 Qc7 14. Rad1 h6 15.
e4 Bb7 16. Rd2 Rad8 17. Rfd1 c5 18. d5 Bxc3 19. Qxc3 exd5 20. exd5 Nf6 21. Nh4
Qe5 22. Qxe5 Rxe5 23. d6 Bxg2 24. Kxg2 Re4 25. f4 Re6 26. Nf5 Kf8 27. Kf3 h5
28. h3 g6 29. Nh4 Ne8 30. f5 Rexd6 31. Rxd6 Rxd6 32. Rxd6 Nxd6 33. fxg6 fxg6
34. Nxg6+ Kg7 35. Ne5 b5 36. Kf4 Kh6 37. h4 a5 38. b3 c4 39. b4 axb4 40. axb4
c3 41. Ke3 Nf5+ 42. Kd3 c2 43. Kxc2 Nxg3 44. Kd3 Nf5 45. Nf3 Kg6 1/2-1/2

[Event "26. Off. Wuerttembergische Seniorenmst."]
[Site "Freudenstadt"]
[Date "2014.07.22"]
[Round "7.37"]
[White "Klaus, Eduard"]
[Black "Braun, Gerhard"]
[Result "1-0"]
[WhiteElo "1539"]
[BlackElo "1483"]
[PlyCount "100"]
[EventDate "2014.??.??"]
[WhiteTeam "SC MÃ¶hringen 1961"]
[BlackTeam "SV Nagold"]

1. d4 e6 2. c4 d6 3. Nc3 Nf6 4. e4 g6 5. h3 b6 6. Be3 Bb7 7. Bd3 Bg7 8. Nge2
O-O 9. O-O Nc6 10. a3 a5 11. Qc2 d5 12. cxd5 exd5 13. e5 Nd7 14. f4 Ne7 15. b4
axb4 16. axb4 f5 17. b5 Qc8 18. Qb2 c6 19. bxc6 Qxc6 20. Bb5 Qc7 21. Rfc1 Rxa1
22. Rxa1 Ra8 23. Rxa8+ Bxa8 24. Bxd7 Qxd7 25. Qxb6 Qc6 26. Qxc6 Bxc6 27. Kf2 h5
28. Kf3 Bd7 29. Nc1 Be6 30. Nb3 Kf7 31. Nc5 Bf8 32. Nb5 Nc8 33. Nxe6 Kxe6 34.
Nc7+ Kd7 35. Nxd5 Ne7 36. Nxe7 Bxe7 37. d5 Bd8 38. Bf2 Be7 39. g4 fxg4+ 40.
hxg4 h4 41. g5 h3 42. Kg3 Kc8 43. Kxh3 Kb7 44. Kg4 Ka6 45. f5 gxf5+ 46. Kxf5
Kb5 47. g6 Bf8 48. Ke6 Bg7 49. Bd4 Kc4 50. Ba1 Kc5 1-0

[Event "26. Off. Wuerttembergische Seniorenmst."]
[Site "Freudenstadt"]
[Date "2014.07.22"]
[Round "7.38"]
[White "Baeuerle, Horst"]
[Black "Gabriel, Klaus"]
[Result "1-0"]
[WhiteElo "1506"]
[BlackElo "1444"]
[PlyCount "31"]
[EventDate "2014.??.??"]
[WhiteTeam "SK Horb"]
[BlackTeam "SC Leinfelden"]

1. c4 e6 2. Nc3 Nf6 3. g3 d5 4. cxd5 Nxd5 5. Bg2 c6 6. Nf3 Be7 7. O-O O-O 8.
Re1 Nxc3 9. bxc3 Qc7 10. Qc2 Nd7 11. d4 Rb8 12. e4 e5 13. dxe5 Nxe5 14. Nxe5
Qxe5 15. Bf4 Qc5 16. Bxb8 1-0

[Event "26. Off. Wuerttembergische Seniorenmst."]
[Site "Freudenstadt"]
[Date "2014.07.22"]
[Round "7.39"]
[White "Straesser, Gerda"]
[Black "Bauer, Robert"]
[Result "1-0"]
[WhiteElo "1467"]
[BlackElo "1210"]
[PlyCount "61"]
[EventDate "2014.??.??"]
[WhiteTeam "SV Rottweil"]
[BlackTeam "SABT Post SÃ¼dstadt Karlsruhe"]

1. e4 e5 2. Nf3 d6 3. d4 exd4 4. Nxd4 a6 5. c4 Nf6 6. Nc3 Be7 7. Be2 h6 8. O-O
O-O 9. Be3 c5 10. Nb3 Nbd7 11. Qd2 Ne5 12. f3 Be6 13. Nd5 Nxd5 14. exd5 Bf5 15.
Bf4 Ng6 16. Be3 Ne5 17. Bf4 Bg6 18. Be3 f5 19. f4 Ng4 20. Bxg4 fxg4 21. Rae1
Bh4 22. g3 Bf6 23. f5 Bh7 24. Nc1 Qd7 25. Qc2 Rae8 26. Bd2 Bd4+ 27. Kg2 Bxf5
28. Rxf5 Rxf5 29. Rxe8+ Qxe8 30. Qxf5 Qe2+ 31. Nxe2 1-0

[Event "26. Off. Wuerttembergische Seniorenmst."]
[Site "Freudenstadt"]
[Date "2014.07.22"]
[Round "7.40"]
[White "Stuiber, Ingeborg"]
[Black "Rauer, Wilhelm"]
[Result "1-0"]
[WhiteElo "1079"]
[BlackElo "1287"]
[PlyCount "98"]
[EventDate "2014.??.??"]
[WhiteTeam "SK Turm Euskirchen 65"]
[BlackTeam "SC 1875 Ellwangen"]

1. d4 e6 2. e3 d6 3. Bd3 Be7 4. Nd2 Nf6 5. Ngf3 Nbd7 6. c3 c6 7. O-O Qc7 8. Qc2
e5 9. Re1 d5 10. e4 O-O 11. b3 Re8 12. Bb2 Bd6 13. c4 dxc4 14. Nxc4 exd4 15.
Bxd4 Be5 16. Ncxe5 Nxe5 17. Bxe5 Rxe5 18. Nxe5 Qxe5 19. Rad1 Bg4 20. Rd2 Bh5
21. g3 Bg6 22. f3 h6 23. f4 Qd4+ 24. Kg2 Ng4 25. Kh3 Qb6 26. f5 Bh7 27. Qc3
Nf2+ 28. Kg2 Ng4 29. Bb1 Rd8 30. h3 Nf6 31. Red1 Rxd2+ 32. Qxd2 Kf8 33. Qd8+
Qxd8 34. Rxd8+ Ke7 35. Rb8 b5 36. Rb7+ Nd7 37. Rxa7 f6 38. Kf3 g5 39. h4 gxh4
40. gxh4 Kd6 41. Ke3 Bg8 42. b4 Ne5 43. a3 Bc4 44. Rh7 Bf7 45. Rh8 Nc4+ 46. Kd4
Nxa3 47. Bd3 Bc4 48. Bxc4 Nxc4 49. Rxh6 Ke7 1-0

[Event "26. Off. Wuerttembergische Seniorenmst."]
[Site "Freudenstadt"]
[Date "2014.07.22"]
[Round "7.15"]
[White "Juergens, Peter"]
[Black "Mertens, Gottfried"]
[Result "1/2-1/2"]
[WhiteElo "1871"]
[BlackElo "1669"]
[PlyCount "24"]
[EventDate "2014.??.??"]
[WhiteTeam "SC Tempo Göttingen"]
[BlackTeam "SK Weinheim 1911 e.V."]

1. d4 e6 2. Nf3 f5 3. Bf4 Nf6 4. e3 Be7 5. c4 c6 6. Nc3 O-O 7. Bd3 d5 8. h3 Ne4
9. Qc2 Nd7 10. cxd5 Nxc3 11. bxc3 cxd5 12. O-O Nf6 1/2-1/2

[Event "26. Off. Wuerttembergische Seniorenmst."]
[Site "Freudenstadt"]
[Date "2014.07.22"]
[Round "7.19"]
[White "Foltas, Hermann"]
[Black "Kuepferle, Ernst"]
[Result "1-0"]
[WhiteElo "1884"]
[BlackElo "1715"]
[PlyCount "81"]
[EventDate "2014.??.??"]
[WhiteTeam "SK Siemens München"]
[BlackTeam "SK Kehl"]

1. d4 Nf6 2. c4 e6 3. Nf3 d5 4. Nc3 Nbd7 5. Bg5 Be7 6. e3 c6 7. Bd3 Qc7 8. O-O
Nf8 9. Rc1 Ng6 10. Bxf6 Bxf6 11. cxd5 exd5 12. Nxd5 Qd6 13. Nxf6+ gxf6 14. e4
Bg4 15. e5 fxe5 16. Bxg6 Qxg6 17. Nxe5 Bxd1 18. Nxg6 hxg6 19. Rfxd1 Rh5 20. Rc5
f5 21. h3 O-O-O 22. Re5 Rh4 23. Re6 g5 24. Rg6 Rh5 25. f3 Kc7 26. Kf2 f4 27.
Re6 Rd5 28. Ke2 Rh7 29. Re4 Rhd7 30. h4 gxh4 31. Rxf4 Rg7 32. Rg4 Re7+ 33. Kf2
Rh5 34. Rh1 Reh7 35. Ke3 Kd6 36. Rg6+ Kd5 37. Rc1 Re7+ 38. Kd3 b6 39. Rcxc6 Rd7
40. Rcf6 Rd8 41. a4 1-0

[Event "26. Off. Wuerttembergische Seniorenmst."]
[Site "Freudenstadt"]
[Date "2014.07.23"]
[Round "8.1"]
[White "Gollasch, Theo-Heinz"]
[Black "Haselhorst, Helmut"]
[Result "1/2-1/2"]
[WhiteElo "1996"]
[BlackElo "2023"]
[Annotator "König,Dirk"]
[PlyCount "29"]
[EventDate "2014.??.??"]
[WhiteTeam "Hamburger SK von 1830 eV"]
[BlackTeam "SC Steinfurt 1996 e.V."]

1. d4 Nf6 2. Nf3 g6 3. c4 Bg7 4. Nc3 O-O 5. g3 d6 6. Bg2 Nc6 7. O-O a6 8. b3 e5
9. dxe5 Ng4 10. Bg5 Qd7 11. Ne4 Ngxe5 12. Nf6+ Bxf6 13. Bxf6 Qf5 14. Nxe5 Nxe5
15. Bxe5 {1/2-1/2 (15) Golasch,T-Haselhorst,H} 1/2-1/2

[Event "26. Off. Wuerttembergische Seniorenmst."]
[Site "Freudenstadt"]
[Date "2014.07.23"]
[Round "8.2"]
[White "Weisenburger, Horst"]
[Black "Szenetra, Werner"]
[Result "1-0"]
[WhiteElo "2028"]
[BlackElo "2094"]
[Annotator "König,Dirk"]
[PlyCount "41"]
[EventDate "2014.??.??"]
[WhiteTeam "SC Böblingen 1975 e.V."]
[BlackTeam "SV Berenbostel"]

1. e4 g6 2. d4 d6 3. Be3 Bg7 4. Nc3 a6 5. Qd2 Nd7 6. O-O-O b5 7. h4 Bb7 8. h5
gxh5 9. f3 Ngf6 10. Nh3 c6 11. Ne2 Qc7 12. Ng3 e5 13. Nf5 Bf8 14. dxe5 dxe5 15.
Be2 h6 16. Bxh6 {[%emt 0:00:00]} 16... Bxh6 {[%emt 0:00:00]} 17. Nxh6 Nc5 18.
Qg5 Nfd7 19. Nf5 f6 20. Qg6+ Kd8 21. Qxf6+ {
1-0 (21) Weisenburger-Szenetra [sio, alex]} 1-0

[Event "26. Off. Wuerttembergische Seniorenmst."]
[Site "Freudenstadt"]
[Date "2014.07.23"]
[Round "8.3"]
[White "Wolf, Walter"]
[Black "Hoeschele, Hans-Ulrich"]
[Result "1-0"]
[WhiteElo "2121"]
[BlackElo "1948"]
[Annotator "König,Dirk"]
[PlyCount "50"]
[EventDate "2014.??.??"]
[WhiteTeam "Stuttgarter SF 1879"]
[BlackTeam "Stuttgarter SF 1879"]

1. b3 Nf6 2. Bb2 e6 3. e3 d5 4. Nf3 Nbd7 5. d4 Be7 6. Bd3 c6 7. Nbd2 a5 8. a3
O-O 9. O-O c5 10. Rc1 b6 11. c4 Bb7 12. Ne5 g6 13. f4 Ne4 14. cxd5 Nxe5 15.
Bxe4 exd5 16. Bb1 Nc6 17. Nf3 Bf6 18. Ne5 Bxe5 19. fxe5 cxd4 20. exd4 Qd7 21.
Rc3 Rae8 22. Bc1 Re6 23. Qg4 f5 24. Bxf5 Nxd4 25. Bxe6+ Nxe6 {
1-0 (25) Wolf-Hoeschela} 1-0

[Event "26. Off. Wuerttembergische Seniorenmst."]
[Site "Freudenstadt"]
[Date "2014.07.23"]
[Round "8.4"]
[White "Heinzel, Peter"]
[Black "Streiter, Manfred"]
[Result "1/2-1/2"]
[WhiteElo "1887"]
[BlackElo "1747"]
[Annotator "König,Dirk"]
[PlyCount "20"]
[EventDate "2014.??.??"]
[WhiteTeam "SC Mülheim 08/25 e.V."]
[BlackTeam "SGem Vaihingen-Rohr"]

1. c4 c5 2. g3 g6 3. Bg2 Bg7 4. Nc3 Nc6 5. e3 Nf6 6. Nge2 O-O 7. O-O e6 8. d4
cxd4 9. Nxd4 Nxd4 10. exd4 d5 {1/2-1/2 (10) Meinzel,P-Streiter,M} 1/2-1/2

[Event "26. Off. Wuerttembergische Seniorenmst."]
[Site "Freudenstadt"]
[Date "2014.07.23"]
[Round "8.5"]
[White "Schwertel, Johann"]
[Black "Weenink, Henk"]
[Result "0-1"]
[WhiteElo "1898"]
[BlackElo "2185"]
[Annotator "König,Dirk"]
[PlyCount "29"]
[EventDate "2014.??.??"]
[WhiteTeam "SV Koblenz 03/25"]

1. d4 d5 2. Nf3 Nf6 3. c3 Ne4 4. Nbd2 Nxd2 5. Bxd2 g6 6. Ne5 Bg7 7. Nd3 O-O 8.
Bf4 Nd7 9. e3 c5 10. Be2 c4 11. Nb4 Nb6 12. O-O a5 13. Nc2 Bf5 14. Na3 Qd7 15.
Rc1 {0-1 (15) Schwertl,J-Weenink,H} 0-1

[Event "26. Off. Wuerttembergische Seniorenmst."]
[Site "Freudenstadt"]
[Date "2014.07.23"]
[Round "8.6"]
[White "Gerhardt, Peter-Michael"]
[Black "Pape, Manfred"]
[Result "1/2-1/2"]
[WhiteElo "1861"]
[BlackElo "2019"]
[Annotator "König,Dirk"]
[PlyCount "62"]
[EventDate "2014.??.??"]
[WhiteTeam "SC Vahr"]
[BlackTeam "SK Bad Harzburg"]

1. d4 Nf6 2. c4 g6 3. Nc3 Bg7 4. e4 d6 5. f3 Nc6 6. Be3 e5 7. d5 Nb8 8. Bd3 Na6
9. Qd2 Nc5 10. Bc2 a5 11. Nge2 Bd7 12. O-O Qe7 13. b3 h6 14. Rab1 b6 15. a3 Kf8
16. b4 Nb7 17. b5 Kg8 18. h3 Re8 19. Rbe1 Bc8 20. Nd1 Nc5 21. Nf2 Kh7 22. Nd3
Ncxe4 23. fxe4 Nxe4 24. Qc1 f5 25. Nf2 Nf6 26. Bd2 Qd8 27. Nc3 Rhf8 28. Qb1 Kh8
29. Qc1 Kh7 30. Qb1 Kh8 31. Qc1 Kh7 {1/2-1/2 (31) Gerhardt-Pape} 1/2-1/2

[Event "26. Off. Wuerttembergische Seniorenmst."]
[Site "Freudenstadt"]
[Date "2014.07.23"]
[Round "8.7"]
[White "Scharhag, Wilhelm"]
[Black "Storkebaum, Karl-Heinrich"]
[Result "1/2-1/2"]
[WhiteElo "1679"]
[BlackElo "1758"]
[Annotator "König,Dirk"]
[PlyCount "73"]
[EventDate "2014.??.??"]
[WhiteTeam "SK Bad Krozingen"]
[BlackTeam "SAbt TEC Darmstadt"]

1. e4 c5 2. c3 d5 3. exd5 Qxd5 4. d4 Nf6 5. Nf3 Bg4 6. Be2 e6 7. Na3 a6 8. Nc2
Be7 9. O-O O-O 10. Ne3 Qd8 11. Nxg4 Nxg4 12. h3 Nf6 13. Qc2 Nc6 14. Rd1 Qc7 15.
dxc5 Bxc5 16. Rf1 h6 17. a3 Rfd8 18. b4 Be7 19. c4 b6 20. Bb2 e5 21. Rad1 e4
22. Nd4 Nxd4 23. Bxd4 Re8 24. Rc1 a5 25. c5 bxc5 26. bxc5 Qd7 27. Rfd1 Qc6 28.
a4 Rec8 29. Bb5 Qe6 30. Bxf6 Rxc5 31. Qe2 Rxc1 32. Rxc1 Bxf6 33. Rc4 e3 34.
Qxe3 Qxe3 35. fxe3 Bg5 36. Kf2 Ra7 37. Kf3 {
1/2-1/2 (37) Scharhag,W-Storkebaum, D} 1/2-1/2

[Event "26. Off. Wuerttembergische Seniorenmst."]
[Site "Freudenstadt"]
[Date "2014.07.23"]
[Round "8.8"]
[White "Trefzer, Erhard"]
[Black "Schmidt, Heinrich"]
[Result "1/2-1/2"]
[WhiteElo "1936"]
[BlackElo "1854"]
[Annotator "König,Dirk"]
[PlyCount "30"]
[EventDate "2014.??.??"]
[WhiteTeam "SV Besigheim"]
[BlackTeam "SV Nagold"]

1. e4 c5 2. Nf3 d6 3. d4 cxd4 4. Nxd4 Nf6 5. Nc3 a6 6. Be3 Ng4 7. Bc1 Nf6 8.
Be2 e5 9. Nb3 Be7 10. f4 O-O 11. O-O b5 12. a3 Bb7 13. Bf3 Nbd7 14. Qe2 Rc8 15.
g4 exf4 {1/2-1/2 (15) Trefzer,E-Schmidt,H} 1/2-1/2